[Event "OEBRO 85th Anniversary GM 2021"]
[Site "Copenhagen"]
[Date "2021.10.21"]
[Round "6.1"]
[White "Stefansson, Vignir Vatnar"]
[Black "Aczel, Gergely"]
[Result "1/2-1/2"]
[WhiteElo "2399"]
[BlackElo "2556"]
[Annotator "TA"]
[PlyCount "136"]
[EventDate "2021.10.18"]
[EventType "swiss"]
[EventCountry "DEN"]
[SourceTitle "playchess.com"]
[Source "ChessBase"]
[SourceQuality "1"]

{[%evp 12,136,41,19,26,25,21,23,25,20,20,20,16,0,6,7,6,-4,-1,-8,-1,-24,-26,-14,-10,-14,-13,-25,-31,-32,-19,-32,0,-8,0,0,0,0,23,30,113,36,72,59,57,59,50,0,52,64,102,0,0,-2,0,0,0,-10,0,0,2,5,15,-65,-9,-75,-73,-119,-105,-125,-83,-76,0,0,0,0,0,0,0,0,0,0,0,0,0,0,0,0,0,0,0,0,0,0,0,0,0,0,0,0,0,0,0,0,0,0,0,0,0,0,0,0,0,0,0,0,0,0,0,0,0,0,0,0,0,0,0]} 1. Nf3 d5 2. d4 Nf6 3. c4 e6 4. Nc3 Bb4 5. cxd5 exd5 6. Bg5 Qd6 7. Nd2 c6 {D38: Queen's Gambit Declined: Ragozin Defence (4 Nf3 Bb4).} 8. e3 Bf5 9. Qb3 O-O {White has an edge.} 10. a3 Bxc3 11. Qxc3 {[#]} Rc8 $146 ({Predecessor:} 11... Re8 12. Bd3 Bxd3 13. Qxd3 Nbd7 14. O-O Ne4 15. Nxe4 dxe4 16. Qb3 Nb6 17. Rac1 Qd7 {0-1 (36) Laghetti,G (1895)-Tommaselli,G (2023) Valenzano 2006}) 12. Bd3 (12. Rc1 {feels hotter.} Nbd7 13. Be2 c5 14. Bf4 Qc6 15. O-O) 12... Ne4 13. Bxe4 Bxe4 14. f3 (14. Nxe4 {with more complications.} dxe4 15. Qb3 b6 16. Bf4 Qd5 17. Qxd5 cxd5 18. Bxb8 Raxb8 19. Kd2) 14... Bg6 15. Bf4 Qd8 16. Bxb8 Raxb8 17. O-O h5 18. b4 h4 19. e4 h3 20. g3 b6 21. Rac1 dxe4 22. fxe4 Rb7 {Black wants to play ...Rd7.} 23. Rf4 Rd7 24. Nf3 Rd6 (24... c5 $5) 25. Ne5 Qg5 (25... c5 $11 {keeps the balance.}) 26. Rcf1 (26. d5 $1 $16) 26... c5 27. bxc5 (27. Nxf7 Bxf7 28. Rxf7 Rxd4 $11) 27... bxc5 28. d5 {[%cal Re5f7]} Re8 29. Nc4 Rd7 (29... Rf6 $11 30. e5 (30. Rxf6 gxf6 31. Nd6 {[%mdl 64] Discovered Attack} Qe5 $11) 30... Rxf4 31. Rxf4 Qe7) 30. Qf3 $14 f6 31. g4 (31. Rh4 $16) 31... Bh7 32. Rd1 ({Reject} 32. Qxh3 Rxe4 33. Rxe4 Bxe4 $17) 32... Bg6 33. Rf1 Qh4 34. Kh1 Qh6 35. Ne3 Rb8 36. Nf5 Bxf5 37. gxf5 ({Better is} 37. Rxf5 $11 Qd2 38. Qxh3) 37... c4 (37... Rdb7 $15 38. Rg4 Rb1) 38. Qf2 (38. e5 $11) 38... Rb3 $17 39. e5 fxe5 40. Rxc4 Qa6 41. Qe2 {[#]} Rc3 42. Qxe5 $11 {Intending Qe8+ and mate.The position is equal.} Rxc4 (42... Qxc4 $5 43. Qe8+ $8 {[%mdl 64] Double Attack} Kh7 44. Qh5+ Kg8 45. Qe8+ {[%mdl 64] Double Attack} Kh7 46. Qh5+ Kg8 47. Qe8+ $11 {[%mdl 64] Double Attack}) 43. Qe8+ Kh7 44. f6 $1 Qxf6 {[%cal Rf6f1]} 45. Qh5+ {[%mdl 64] [#] Double Attack} Kg8 {[%cal Rf6f1]} 46. Qe8+ {[%mdl 64] Double Attack} Kh7 {[%cal Rf6f1]} 47. Qh5+ {[%mdl 64] Double Attack} Qh6 48. Qf5+ {[%mdl 64] Double Attack} Qg6 {( -> ...Qxf5)} 49. Qxh3+ Kg8 50. Qxd7 {[%mdl 4096] Endgame KQR-KQR} Qe4+ 51. Kg1 Qe3+ (51... Qg6+ {is interesting.} 52. Kh1) 52. Kh1 Qe4+ 53. Kg1 Qg4+ (53... Qe3+ {looks sharper.}) 54. Qxg4 Rxg4+ {KR-KR} 55. Kf2 {aiming for Ke3.} Rd4 56. Ke3 (56. Kg3 {feels hotter.} Rxd5 57. a4 a5 58. Rf4 Rd3+ 59. Kg4) 56... Rxd5 57. Rf4 Ra5 58. a4 Kh7 59. Rg4 Kh6 60. Kd3 g6 61. Kc3 Kh5 62. Rd4 Rf5 63. h4 Rf3+ 64. Kb4 Rh3 65. Rd7 Rxh4+ 66. Ka5 g5 67. Rxa7 g4 68. Rg7 Kh6 {Weighted Error Value: White=0.12/Black=0.12} 1/2-1/2

[Event "OEBRO 85th Anniversary GM 2021"]
[Site "Copenhagen"]
[Date "2021.10.21"]
[Round "6.2"]
[White "Hamitevici, Vladimir"]
[Black "Yankelevich, Lev"]
[Result "1-0"]
[WhiteElo "2465"]
[BlackElo "2432"]
[Annotator "ChessBase"]
[PlyCount "88"]
[EventDate "2021.10.18"]
[EventType "swiss"]
[EventCountry "DEN"]
[SourceTitle "playchess.com"]
[Source "ChessBase"]
[SourceQuality "1"]
[TimeControl "40/5400+30:900+30"]

1. c4 {[%emt 0:11:22]} g6 {[%emt 0:00:03]} 2. Nc3 {[%emt 0:00:34]} Bg7 {[%emt 0:00:10]} 3. g3 {[%emt 0:00:22]} Nf6 {[%emt 0:00:33]} 4. Bg2 {[%emt 0:00:32]} O-O {[%emt 0:00:07]} 5. e4 {[%emt 0:01:43]} d6 {[%emt 0:00:05]} 6. Nge2 {[%emt 0:00:17]} c5 {[%emt 0:00:04]} 7. O-O {[%emt 0:00:37]} Nc6 {[%emt 0:00:02]} 8. d3 {[%emt 0:00:13]} a6 {[%emt 0:02:09]} 9. h3 {[%emt 0:01:40]} Rb8 {[%emt 0:00:15]} 10. f4 {[%emt 0:01:20]} Bd7 {[%emt 0:06:39]} 11. Be3 {[%emt 0:04:07]} b5 {[%emt 0:01:08]} 12. Qd2 {[%emt 0:00:08]} Qc8 {[%emt 0:20:26]} 13. Kh2 {[%emt 0:03:20]} Ne8 {[%emt 0:12:37]} 14. Rac1 {[%emt 0:06:10]} b4 {[%emt 0:00:22]} 15. Nd1 {[%emt 0:00:22]} f5 {[%emt 0:00:05]} 16. exf5 {[%emt 0:03:11]} gxf5 {[%emt 0:01:17]} 17. d4 {[%emt 0:01:41]} cxd4 {[%emt 0:09:24]} 18. Nxd4 {[%emt 0:02:14]} Nxd4 {[%emt 0:15:04]} 19. Bxd4 {[%emt 0:00:38]} Bxd4 {[%emt 0:00:03]} 20. Qxd4 {[%emt 0:00:08]} Qc5 {[%emt 0:00:01]} 21. Qxc5 {[%emt 0:01:31]} dxc5 {[%emt 0:00:54]} 22. Re1 {[%emt 0:00:02]} e6 {[%emt 0:01:21]} 23. Nf2 {[%emt 0:02:05]} Nd6 {[%emt 0:03:40]} 24. Nd3 {[%emt 0:02:46]} Nxc4 {[%emt 0:00:49]} 25. Rxc4 {[%emt 0:00:10]} Bb5 {[%emt 0:00:02]} 26. Ne5 {[%emt 0:03:27]} Bxc4 {[%emt 0:00:02]} 27. Nxc4 {[%emt 0:00:07]} b3 {[%emt 0:00:15]} 28. a3 {[%emt 0:02:33]} Rfd8 {[%emt 0:00:11]} 29. Rxe6 {[%emt 0:00:15]} Rd4 {[%emt 0:00:27]} 30. Re5 {[%emt 0:04:32]} Kh8 {[%emt 0:01:50]} 31. Bf1 {[%emt 0:01:27]} Rbd8 {[%emt 0:00:23]} 32. Rxc5 {[%emt 0:01:33]} Rd1 {[%emt 0:02:28]} 33. Kg2 {[%emt 0:00:20]} Rc1 {[%emt 0:00:30]} 34. Rxf5 {[%emt 0:03:26]} Rdd1 {[%emt 0:01:17]} 35. Be2 {[%emt 0:00:11]} Re1 {[%emt 0:00:10]} 36. Bd3 {[%emt 0:02:34]} Red1 {[%emt 0:01:00]} 37. Rd5 {[%emt 0:00:23]} a5 {[%emt 0:00:36]} 38. Kf3 {[%emt 0:03:30]} a4 {[%emt 0:00:38]} 39. Ke4 {[%emt 0:02:38]} Rg1 {[%emt 0:00:53]} 40. Rg5 {[%emt 0:01:54]} h6 {[%emt 0:00:20]} 41. Rg6 {[%emt 0:16:22]} Rg2 {[%emt 0:15:33]} 42. Kf5 {[%emt 0:00:47]} Rd1 {[%emt 0:00:54]} 43. Be4 {[%emt 0:00:55]} Rd4 {[%emt 0:00:18]} 44. Bxg2 {[%emt 0:00:45]} Rxc4 {[%emt 0:00:07]} 1-0

[Event "OEBRO 85th Anniversary GM 2021"]
[Site "Copenhagen"]
[Date "2021.10.21"]
[Round "6.3"]
[White "Brynell, Stellan"]
[Black "Hector, Jonny"]
[Result "1/2-1/2"]
[WhiteElo "2431"]
[BlackElo "2443"]
[Annotator "ChessBase"]
[PlyCount "129"]
[EventDate "2021.10.18"]
[EventType "swiss"]
[EventCountry "DEN"]
[SourceTitle "playchess.com"]
[Source "ChessBase"]
[SourceQuality "1"]
[TimeControl "40/5400+30:900+30"]

1. d4 {[%emt 0:00:08]} d5 {[%emt 0:00:07]} 2. c4 {[%emt 0:00:06]} e5 {[%emt 0:00:26]} 3. dxe5 {[%emt 0:00:23]} Ne7 {[%emt 0:00:10]} 4. Nf3 {[%emt 0:02:06]} Nbc6 {[%emt 0:00:26]} 5. cxd5 {[%emt 0:12:03]} Qxd5 {[%emt 0:00:47]} 6. Qxd5 {[%emt 0:02:03]} Nxd5 {[%emt 0:00:05]} 7. a3 {[%emt 0:00:44]} h6 {[%emt 0:04:49]} 8. e4 {[%emt 0:11:52]} Nb6 {[%emt 0:01:27]} 9. Be3 {[%emt 0:05:52]} Bd7 {[%emt 0:04:59]} 10. Nc3 {[%emt 0:03:47]} O-O-O {[%emt 0:00:33]} 11. Bb5 {[%emt 0:09:53]} g5 {[%emt 0:06:28]} 12. O-O {[%emt 0:05:55]} Bg7 {[%emt 0:03:45]} 13. Rac1 {[%emt 0:01:23]} Rhe8 {[%emt 0:07:28]} 14. Rfd1 {[%emt 0:04:50]} Nxe5 {[%emt 0:04:24]} 15. Nxe5 {[%emt 0:09:10]} Bxe5 {[%emt 0:00:47]} 16. Bxd7+ {[%emt 0:02:27]} Rxd7 {[%emt 0:01:10]} 17. Rxd7 {[%emt 0:00:38]} Kxd7 {[%emt 0:00:51]} 18. Rd1+ {[%emt 0:00:48]} Kc8 {[%emt 0:04:34]} 19. Bxb6 {[%emt 0:12:15]} axb6 {[%emt 0:01:26]} 20. f3 {[%emt 0:00:07]} c6 {[%emt 0:04:42]} 21. Rd3 {[%emt 0:02:01]} b5 {[%emt 0:01:28]} 22. Kf2 {[%emt 0:00:19]} Kc7 {[%emt 0:00:33]} 23. g3 {[%emt 0:00:26]} h5 {[%emt 0:04:11]} 24. Nd1 {[%emt 0:02:19]} Rd8 {[%emt 0:08:22]} 25. Rxd8 {[%emt 0:02:46]} Kxd8 {[%emt 0:00:03]} 26. Ke3 {[%emt 0:00:26]} c5 {[%emt 0:00:51]} 27. Nc3 {[%emt 0:04:12]} Kd7 {[%emt 0:02:00]} 28. Nxb5 {[%emt 0:00:09]} Bxb2 {[%emt 0:00:10]} 29. Kd3 {[%emt 0:01:59]} g4 {[%emt 0:09:03]} 30. f4 {[%emt 0:02:25]} Bc1 {[%emt 0:04:32]} 31. e5 {[%emt 0:01:05]} Ke6 {[%emt 0:05:08]} 32. Ke4 {[%emt 0:00:24]} f5+ {[%emt 0:00:52]} 33. exf6 {[%emt 0:00:11]} Kxf6 {[%emt 0:00:18]} 34. a4 {[%emt 0:00:13]} c4 {[%emt 0:03:09]} 35. Kd4 {[%emt 0:01:16]} h4 {[%emt 0:01:21]} 36. Nd6 {[%emt 0:00:26]} Ke6 {[%emt 0:13:50]} 37. Nxb7 {[%emt 0:00:50]} c3 {[%emt 0:01:20]} 38. Nc5+ {[%emt 0:00:31]} Kf5 {[%emt 0:00:29]} 39. Nd3 {[%emt 0:01:00]} Bb2 {[%emt 0:01:07]} 40. a5 {[%emt 0:00:27]} c2+ {[%emt 0:00:14]} 41. Ke3 {[%emt 0:05:13]} c1=Q+ {[%emt 0:00:43]} 42. Nxc1 {[%emt 0:00:03]} Bxc1+ {[%emt 0:00:13]} 43. Ke2 {[%emt 0:03:45]} Ba3 {[%emt 0:00:18]} 44. a6 {[%emt 0:00:23]} Bc5 {[%emt 0:00:21]} 45. Kd3 {[%emt 0:01:07]} Bg1 {[%emt 0:01:06]} 46. Ke2 {[%emt 0:00:34]} h3 {[%emt 0:00:20]} 47. Kf1 {[%emt 0:00:26]} Ba7 {[%emt 0:00:20]} 48. Ke2 {[%emt 0:00:47]} Ke4 {[%emt 0:00:16]} 49. Kf1 {[%emt 0:02:27]} Kd5 {[%emt 0:00:14]} 50. Ke2 {[%emt 0:00:07]} Kc4 {[%emt 0:02:21]} 51. Kd2 {[%emt 0:00:42]} Kd5 {[%emt 0:03:38]} 52. Kd3 Bg1 {[%emt 0:00:36]} 53. Ke2 {[%emt 0:01:20]} Kc6 {[%emt 0:00:11]} 54. Kf1 {[%emt 0:01:14]} Bd4 {[%emt 0:00:24]} 55. Ke2 {[%emt 0:00:50]} Bc5 {[%emt 0:08:27]} 56. Kd3 {[%emt 0:00:41]} Bg1 {[%emt 0:01:23]} 57. Ke2 {[%emt 0:00:07]} Kb6 {[%emt 0:01:50]} 58. f5 {[%emt 0:00:21]} Bd4 {[%emt 0:01:25]} 59. Kd3 {[%emt 0:00:17]} Be5 {[%emt 0:00:13]} 60. f6 {[%emt 0:00:18]} Bxg3 {[%emt 0:01:06]} 61. hxg3 {[%emt 0:01:40]} h2 {[%emt 0:00:08]} 62. f7 {[%emt 0:00:07]} h1=Q {[%emt 0:00:06]} 63. f8=Q {[%emt 0:00:06]} Qd1+ {[%emt 0:00:44]} 64. Kc4 {[%emt 0:01:52]} Qe2+ {[%emt 0:01:05]} 65. Kd4 {[%emt 0:00:26]} 1/2-1/2

[Event "OEBRO 85th Anniversary GM 2021"]
[Site "Copenhagen"]
[Date "2021.10.21"]
[Round "6.4"]
[White "Kozak, Adam"]
[Black "Larsen, Karsten"]
[Result "1-0"]
[WhiteElo "2516"]
[BlackElo "2252"]
[Annotator "ChessBase"]
[PlyCount "83"]
[EventDate "2021.10.18"]
[EventType "swiss"]
[EventCountry "DEN"]
[SourceTitle "playchess.com"]
[Source "ChessBase"]
[SourceQuality "1"]
[TimeControl "40/5400+30:900+30"]

1. Nf3 {[%emt 0:00:04]} Nf6 {[%emt 0:00:43]} 2. c4 {[%emt 0:00:25]} e6 {[%emt 0:02:25]} 3. g3 {[%emt 0:00:19]} b6 {[%emt 0:01:18]} 4. Bg2 {[%emt 0:00:19]} Bb7 {[%emt 0:00:06]} 5. O-O {[%emt 0:00:40]} Be7 {[%emt 0:00:11]} 6. b3 {[%emt 0:04:11]} O-O {[%emt 0:00:23]} 7. Bb2 {[%emt 0:00:06]} d5 {[%emt 0:02:59]} 8. e3 {[%emt 0:01:19]} c5 {[%emt 0:01:44]} 9. Nc3 {[%emt 0:00:50]} dxc4 {[%emt 0:08:18]} 10. bxc4 {[%emt 0:00:12]} Nc6 {[%emt 0:01:34]} 11. Qe2 {[%emt 0:02:33]} Rc8 {[%emt 0:04:31]} 12. Ne1 {[%emt 0:08:07]} Qd7 {[%emt 0:03:08]} 13. f4 {[%emt 0:01:08]} Rfd8 {[%emt 0:01:33]} 14. d3 {[%emt 0:04:18]} a6 {[%emt 0:09:31]} 15. g4 {[%emt 0:11:08]} b5 {[%emt 0:04:02]} 16. cxb5 {[%emt 0:16:44]} Nb4 {[%emt 0:16:08]} 17. g5 {[%emt 0:18:33]} Bxg2 {[%emt 0:08:00]} 18. Kxg2 {[%emt 0:02:00]} Ne8 {[%emt 0:02:56]} 19. bxa6 {[%emt 0:05:12]} Qc6+ {[%emt 0:04:24]} 20. Rf3 {[%emt 0:00:17]} Qxa6 {[%emt 0:02:24]} 21. e4 {[%emt 0:04:27]} Rb8 {[%emt 0:01:36]} 22. Nd1 {[%emt 0:02:15]} Nc6 {[%emt 0:06:58]} 23. Nf2 {[%emt 0:00:41]} Nd4 {[%emt 0:07:04]} 24. Bxd4 {[%emt 0:00:11]} Rxd4 {[%emt 0:00:03]} 25. Rh3 {[%emt 0:02:30]} g6 {[%emt 0:00:09]} 26. Nc2 {[%emt 0:06:39]} Ra4 {[%emt 0:00:33]} 27. Ne3 {[%emt 0:05:59]} Nd6 {[%emt 0:01:58]} 28. Neg4 {[%emt 0:00:17]} Rab4 {[%emt 0:01:32]} 29. Qe1 {[%emt 0:02:46]} Qa3 {[%emt 0:05:18]} 30. Ne5 {[%emt 0:00:08]} Rb2 {[%emt 0:01:54]} 31. Nc6 {[%emt 0:01:10]} R8b7 {[%emt 0:00:40]} 32. Re3 {[%emt 0:00:29]} Rxa2 {[%emt 0:01:04]} 33. Rxa2 {[%emt 0:00:29]} Qxa2 34. Re2 {[%emt 0:00:30]} Qa4 {[%emt 0:01:01]} 35. Nxe7+ {[%emt 0:00:13]} Rxe7 {[%emt 0:00:01]} 36. Qc3 {[%emt 0:00:01]} Rc7 {[%emt 0:01:48]} 37. Ng4 {[%emt 0:01:18]} Qd4 {[%emt 0:00:19]} 38. Qxd4 {[%emt 0:00:13]} cxd4 {[%emt 0:00:02]} 39. Ra2 {[%emt 0:00:01]} Kg7 {[%emt 0:01:00]} 40. Ra6 {[%emt 0:00:27]} Ne8 {[%emt 0:00:40]} 41. Ra8 {[%emt 0:01:53]} Nd6 {[%emt 0:00:36]} 42. Rd8 {[%emt 0:02:25]} 1-0

[Event "OEBRO 85th Anniversary GM 2021"]
[Site "Copenhagen"]
[Date "2021.10.21"]
[Round "6.5"]
[White "Ramsdal, Jens Albert"]
[Black "Siddharth, Jagadeesh"]
[Result "1-0"]
[WhiteElo "2261"]
[BlackElo "2336"]
[Annotator "ChessBase"]
[PlyCount "65"]
[EventDate "2021.10.18"]
[EventType "swiss"]
[EventCountry "DEN"]
[SourceTitle "playchess.com"]
[Source "ChessBase"]
[SourceQuality "1"]
[TimeControl "40/5400+30:900+30"]

1. e4 {[%emt 0:00:13]} c6 {[%emt 0:12:04]} 2. d4 {[%emt 0:00:05]} d5 {[%emt 0:00:07]} 3. e5 {[%emt 0:00:05]} c5 {[%emt 0:00:07]} 4. dxc5 {[%emt 0:00:09]} e6 {[%emt 0:00:10]} 5. a3 {[%emt 0:00:14]} Bxc5 {[%emt 0:00:11]} 6. b4 {[%emt 0:00:08]} Be7 {[%emt 0:00:08]} 7. Qg4 {[%emt 0:00:09]} g6 {[%emt 0:00:10]} 8. Bd3 {[%emt 0:02:51]} Nd7 {[%emt 0:07:24]} 9. Nf3 {[%emt 0:03:56]} a5 {[%emt 0:02:46]} 10. b5 {[%emt 0:00:46]} Nc5 {[%emt 0:00:47]} 11. O-O {[%emt 0:02:42]} a4 {[%emt 0:03:21]} 12. Nc3 {[%emt 0:05:27]} h5 {[%emt 0:18:06]} 13. Qd4 {[%emt 0:12:00]} Nh6 {[%emt 0:03:58]} 14. Rd1 {[%emt 0:12:50]} Nxd3 {[%emt 0:20:18]} 15. Rxd3 {[%emt 0:03:02]} Nf5 {[%emt 0:01:01]} 16. Qf4 {[%emt 0:00:02]} Qc7 {[%emt 0:01:01]} 17. h3 {[%emt 0:20:05]} h4 {[%emt 0:11:01]} 18. Rb1 {[%emt 0:11:35]} Bd7 {[%emt 0:02:29]} 19. Bb2 {[%emt 0:07:35]} Rh5 {[%emt 0:01:36]} 20. Nh2 {[%emt 0:02:26]} Ra5 {[%emt 0:08:27]} 21. Ba1 {[%emt 0:03:52]} d4 {[%emt 0:01:38]} 22. Rbd1 {[%emt 0:02:08]} Bxb5 {[%emt 0:02:18]} 23. Nxb5 {[%emt 0:00:08]} Rxb5 {[%emt 0:00:04]} 24. Bxd4 {[%emt 0:01:02]} Qxc2 {[%emt 0:01:34]} 25. R3d2 {[%emt 0:01:55]} Qc7 {[%emt 0:00:37]} 26. Bb2 {[%emt 0:00:51]} Ra5 {[%emt 0:01:10]} 27. Ng4 {[%emt 0:01:00]} Kf8 {[%emt 0:00:53]} 28. Nf6 {[%emt 0:01:59]} Rh8 {[%emt 0:00:01]} 29. Rd7 {[%emt 0:00:32]} Qb6 {[%emt 0:00:55]} 30. Bc3 {[%emt 0:01:01]} Rb5 {[%emt 0:00:08]} 31. Rxe7 {[%emt 0:02:29]} Kxe7 {[%emt 0:00:21]} 32. Qg5 {[%emt 0:00:20]} Qc6 {[%emt 0:01:03]} 33. Nh7+ {[%emt 0:01:22]} 1-0

[Event "OEBRO 85th Anniversary GM 2021"]
[Site "Copenhagen"]
[Date "2021.10.21"]
[Round "6.6"]
[White "Simonsen, Carsten"]
[Black "Kistrup, Nicolai"]
[Result "0-1"]
[WhiteElo "2218"]
[BlackElo "2249"]
[Annotator "ChessBase"]
[PlyCount "78"]
[EventDate "2021.10.18"]
[EventType "swiss"]
[EventCountry "DEN"]
[SourceTitle "playchess.com"]
[Source "ChessBase"]
[SourceQuality "1"]
[TimeControl "40/5400+30:900+30"]

1. d4 {[%emt 0:00:04]} Nf6 {[%emt 0:00:05]} 2. Bf4 {[%emt 0:00:06]} d5 {[%emt 0:00:46]} 3. e3 {[%emt 0:00:08]} e6 {[%emt 0:00:12]} 4. Nd2 {[%emt 0:00:08]} Bd6 {[%emt 0:11:29]} 5. Bg3 {[%emt 0:00:07]} O-O {[%emt 0:04:17]} 6. Bd3 {[%emt 0:00:36]} c5 {[%emt 0:01:05]} 7. c3 {[%emt 0:00:08]} Nc6 {[%emt 0:05:41]} 8. Ngf3 {[%emt 0:00:37]} b6 {[%emt 0:00:32]} 9. Qe2 {[%emt 0:04:26]} Bb7 {[%emt 0:06:15]} 10. Rd1 {[%emt 0:00:19]} Ne7 {[%emt 0:00:33]} 11. e4 {[%emt 0:01:35]} c4 {[%emt 0:03:13]} 12. Bb1 {[%emt 0:02:11]} dxe4 {[%emt 0:03:34]} 13. Nxe4 {[%emt 0:00:23]} Nxe4 {[%emt 0:01:24]} 14. Bxe4 {[%emt 0:00:15]} Bxe4 {[%emt 0:01:07]} 15. Qxe4 {[%emt 0:00:12]} Nd5 {[%emt 0:05:11]} 16. Be5 {[%emt 0:05:11]} Rc8 {[%emt 0:20:25]} 17. h4 {[%emt 0:05:13]} f6 {[%emt 0:06:02]} 18. Bxd6 {[%emt 0:02:18]} Qxd6 {[%emt 0:00:04]} 19. g3 {[%emt 0:07:47]} b5 {[%emt 0:01:39]} 20. O-O {[%emt 0:03:18]} Rfe8 {[%emt 0:00:30]} 21. Rfe1 {[%emt 0:01:26]} b4 {[%emt 0:04:34]} 22. cxb4 {[%emt 0:09:32]} Nxb4 {[%emt 0:09:09]} 23. a3 {[%emt 0:07:50]} Nd5 {[%emt 0:00:30]} 24. Rc1 {[%emt 0:06:39]} c3 {[%emt 0:10:38]} 25. bxc3 {[%emt 0:00:09]} Nxc3 {[%emt 0:00:07]} 26. Qd3 {[%emt 0:00:29]} Qxa3 {[%emt 0:00:29]} 27. Ra1 {[%emt 0:00:49]} Qe7 {[%emt 0:00:44]} 28. Ra6 {[%emt 0:01:25]} Qd7 {[%emt 0:01:28]} 29. Qe3 {[%emt 0:05:24]} Nd5 {[%emt 0:00:32]} 30. Qe4 {[%emt 0:01:35]} Rc6 {[%emt 0:00:35]} 31. Rea1 {[%emt 0:01:12]} Rxa6 {[%emt 0:00:21]} 32. Rxa6 {[%emt 0:00:03]} Nb4 {[%emt 0:00:09]} 33. Ra5 {[%emt 0:02:37]} Rb8 {[%emt 0:01:32]} 34. Qe2 {[%emt 0:04:09]} Nc6 {[%emt 0:01:44]} 35. Rc5 {[%emt 0:01:00]} Nb4 {[%emt 0:00:46]} 36. Qc4 {[%emt 0:01:25]} Nd5 {[%emt 0:00:04]} 37. Kg2 {[%emt 0:03:14]} g6 {[%emt 0:01:01]} 38. Rc6 {[%emt 0:02:45]} Rb7 {[%emt 0:00:09]} 39. Qa6 {[%emt 0:02:01]} Nb4 {[%emt 0:00:21]} 0-1